000 00315nam a22001337a 4500
008 170926b xxu||||| |||| 00| 0 eng d
020 _a0495807443
041 _aeng
080 _210TH
_a37
100 _a46
101 _aEDU
245 _aTEACHING READING IN TODAY'S ELEMENTARY SCHOOLS
_cROE,B.D
942 _2udc
_cBK
999 _c29771
_d29771